| 000 | 00609nam a22002417a 4500 | ||
|---|---|---|---|
| 003 | UA-OsUOA | ||
| 001 | 228 | ||
| 007 | ta | ||
| 008 | 20050525b un ||||| |||| 00| 0 ukr d | ||
| 100 | _aЮнсон Э. | ||
| 090 |
_a821.113.6 _bЮ56 |
||
| 942 | _cBK | ||
| 040 |
_aUA-OsUOA _brus _cUA-OsUOA _dUA-OsUOA |
||
| 245 |
_aИзбранное _bСборник |
||
| 300 | _a656 с. | ||
| 955 | _a3 | ||
| 041 | _arus | ||
| 080 | _a821.113.6 | ||
| 020 | _a5-05-002287-8 | ||
| 260 |
_aМ. _bРадуга _c1988 |
||
| 650 | 7 |
_a82 Література. Літературознавство _2UDC |
|
| 999 |
_c286391 _d286391 |
||